000 00694nam a2200241Ia 4500
003 OSt
005 20221007081521.0
006 a|||||r|||| 00| 0
007 ta
008 221006b |||||||| |||| 00| 0 eng d
024 _a28,185
037 _cReports / Technical Reports
040 _aFLL
_cFLL
_beng
041 _2eng
_aeng
082 _aZ73:2673, K4.6
100 _aDeller Anthony William
_9692770
245 0 _aWalker on patents
250 _a2nd
260 _aNew York
_bThe Lawyers Co-operative Publishing Co.
_c1972
300 _aiii,627p
_ccm.
942 _hZ73:2673, K4.6
_cREP
_2CC
999 _c1163305
_d1163305